[Event "Niedersachsen-ch op B"]
[Site "Verden"]
[Date "2019.01.05"]
[Round "5"]
[White "Lau, Robert1111"]
[Black "Woellermann, Ludger"]
[Result "0-1"]
[WhiteElo "1503"]
[BlackElo "1798"]
[PlyCount "72"]
[EventDate "2019.01.03"]
[EventType "swiss"]
[EventRounds "7"]
[EventCountry "GER"]
[SourceTitle "EXT 2022"]
[Source "ChessBase"]
[SourceDate "2021.10.06"]
[SourceVersion "1"]
[SourceVersionDate "2021.10.06"]
[SourceQuality "1"]

1. e4 c5 2. Nf3 Nc6 3. d4 cxd4 4. Nxd4 g6 5. Nc3 Bg7 6. Be3 Nf6 7. f3 0-0 8. Qd2 d5 9. 0-0-0 Nxd4 10. Bxd4 dxe4 11. Bxf6 Qxd2+ 12. Rxd2 exf6 13. Nxe4 Bh6 14. Nxf6+ Kg7 15. Ne4 Bf5 16. Bd3 Bxe4 17. fxe4 Rad8 18. Kd1 Bxd2 19. Kxd2 f5 20. e5 Rfe8 21. Re1 Rd5 22. e6 Rd6 23. e7 Kf6 24. Kc1 Rxe7 25. Rf1 Kg5 26. Rf3 h5 27. c3 h4 28. Kc2 f4 29. b3 Re3 30. Rxe3 fxe3 31. c4 b6 32. a3 Kf4 33. b4 h3 34. gxh3 Kf3 35. c5 bxc5 36. bxc5 Rxd3 0-1

[Event "Niedersachsen-ch op B"]
[Site "Verden"]
[Date "2019.01.05"]
[Round "6"]
[White "Woellermann, Ludger"]
[Black "Schwenke, Stefan"]
[Result "1-0"]
[WhiteElo "1798"]
[BlackElo "1750"]
[PlyCount "61"]
[EventDate "2019.01.03"]
[EventType "swiss"]
[EventRounds "7"]
[EventCountry "GER"]
[SourceTitle "EXT 2022"]
[Source "ChessBase"]
[SourceDate "2021.10.06"]
[SourceVersion "1"]
[SourceVersionDate "2021.10.06"]
[SourceQuality "1"]

1. Nf3 Nc6 2. b3 e6 3. Bb2 d5 4. e3 Nf6 5. Bb5 Bd7 6. 0-0 Bd6 7. d3 Qe7 8. Nbd2 0-0-0 9. Bxc6 Bxc6 10. Ne5 Bxe5 11. Bxe5 Rhg8 12. Rb1 Nd7 13. Bc3 f5 14. b4 Nb6 15. Nf3 g5 16. Ne5 Be8 17. Bd4 h5 18. b5 Kb8 19. c3 Nd7 20. Qa4 Nb6 21. Qa5 Qd6 22. Rb3 Nc8 23. c4 c5 24. bxc6 Bxc6 25. Nf7 Qe7 26. Nxd8 Rxd8 27. Be5+ Ka8 28. c5 Rd7 29. Rfb1 Qh7 30. Qa6 Ne7 31. Qxa7+ 1-0

[Event "Niedersachsen-ch op B"]
[Site "Verden"]
[Date "2019.01.03"]
[Round "1"]
[White "Elsner, Robert"]
[Black "Woellermann, Ludger"]
[Result "1/2-1/2"]
[WhiteElo "1615"]
[BlackElo "1798"]
[PlyCount "84"]
[EventDate "2019.01.03"]
[EventType "swiss"]
[EventRounds "7"]
[EventCountry "GER"]
[SourceTitle "EXT 2022"]
[Source "ChessBase"]
[SourceDate "2021.10.06"]
[SourceVersion "1"]
[SourceVersionDate "2021.10.06"]
[SourceQuality "1"]

1. Nf3 Nf6 2. c4 g6 3. g3 Bg7 4. Bg2 d6 5. d4 0-0 6. 0-0 c6 7. Nc3 Nbd7 8. e4 Qc7 9. Qc2 e5 10. Rd1 Re8 11. c5 dxc5 12. dxe5 Nxe5 13. Nxe5 Qxe5 14. f4 Qc7 15. Be3 Bf8 16. h3 Be6 17. g4 Rad8 18. Qf2 b6 19. Kh1 Rxd1+ 20. Rxd1 Rd8 21. Rg1 Bg7 22. f5 Bc4 23. Bf4 Qe7 24. e5 Nd5 25. f6 Bxf6 26. exf6 Qxf6 27. Rd1 Nxc3 28. Rxd8+ Qxd8 29. bxc3 Qf6 30. Qe3 Qe6 31. Qd2 Bd5 32. Bh6 f6 33. c4 Bxg2+ 34. Kxg2 Kf7 35. Kf2 f5 36. Qd8 Qe8 37. Qd6 Qe7 38. Qxe7+ Kxe7 39. Bf4 a6 40. Ke3 b5 41. gxf5 gxf5 42. Kd2 Kf7 1/2-1/2

[Event "Niedersachsen-ch op A"]
[Site "Verden"]
[Date "2018.01.06"]
[Round "6"]
[White "Woellermann, Ludger"]
[Black "Buehrmann, Torsten"]
[Result "1/2-1/2"]
[WhiteElo "1810"]
[BlackElo "1928"]
[PlyCount "27"]
[EventDate "2018.01.04"]
[EventType "swiss"]
[EventRounds "7"]
[EventCountry "GER"]
[SourceTitle "EXT 2022"]
[Source "ChessBase"]
[SourceDate "2021.10.06"]
[SourceVersion "1"]
[SourceVersionDate "2021.10.06"]
[SourceQuality "1"]

1. Nf3 f5 2. g3 Nf6 3. Bg2 g6 4. 0-0 Bg7 5. d3 d6 6. Nc3 0-0 7. e4 Nc6 8. Bg5 h6 9. Bxf6 Bxf6 10. Rb1 Kh7 11. d4 e5 12. dxe5 Nxe5 13. exf5 gxf5 14. Nd5 1/2-1/2

[Event "Niedersachsen-ch op"]
[Site "Verden"]
[Date "2016.01.05"]
[Round "5"]
[White "Roehrkasten, Reinhard"]
[Black "Woellermann, Ludger"]
[Result "1/2-1/2"]
[WhiteElo "1968"]
[BlackElo "1823"]
[PlyCount "68"]
[EventDate "2016.01.03"]
[EventType "swiss"]
[EventRounds "7"]
[EventCountry "GER"]
[SourceTitle "EXT 2018"]
[Source "ChessBase"]
[SourceDate "2017.10.13"]
[SourceVersion "1"]
[SourceVersionDate "2017.10.13"]
[SourceQuality "1"]

1. d4 Nf6 2. Nf3 g6 3. c4 Bg7 4. Nc3 0-0 5. Bg5 d6 6. e3 c5 7. d5 h6 8. Bh4 Qb6 9. Qd2 g5 10. Bg3 Bf5 11. 0-0-0 Ne4 12. Nxe4 Bxe4 13. Ne1 Qa6 14. a3 Nd7 15. f3 Bg6 16. e4 f5 17. Bd3 Ne5 18. Bxe5 Bxe5 19. Qc2 fxe4 20. Bxe4 Bxe4 21. Qxe4 Rf4 22. Qg6+ Bg7 23. Qe6+ Kf8 24. Nd3 Qxc4+ 25. Kb1 Qb5 26. Rd2 Rf6 27. Qe2 c4 28. Nf2 Qb3 29. Rc1 Rc8 30. Rdc2 b5 31. Rc3 Qa4 32. Re1 Re8 33. Re3 Rf7 34. Ne4 Qa6 1/2-1/2

[Event "Niedersachsen-ch op"]
[Site "Verden"]
[Date "2016.01.04"]
[Round "3"]
[White "Bohnstorff, Michael"]
[Black "Woellermann, Ludger"]
[Result "0-1"]
[WhiteElo "2051"]
[BlackElo "1823"]
[PlyCount "89"]
[EventDate "2016.01.03"]
[EventType "swiss"]
[EventRounds "7"]
[EventCountry "GER"]
[SourceTitle "EXT 2018"]
[Source "ChessBase"]
[SourceDate "2017.10.13"]
[SourceVersion "1"]
[SourceVersionDate "2017.10.13"]
[SourceQuality "1"]

1. d4 Nf6 2. Nf3 g6 3. c3 Bg7 4. Bf4 0-0 5. Nbd2 d6 6. e4 Nbd7 7. Bc4 Nh5 8. Be3 e5 9. 0-0 Nb6 10. Bb3 a5 11. a4 Nf4 12. Nc4 Nxc4 13. Bxc4 Qe7 14. Bxf4 exf4 15. Re1 c6 16. h3 g5 17. Nh2 Qf6 18. e5 dxe5 19. Rxe5 Qh6 20. Re1 Qg6 21. Bd3 f5 22. Re7 Bf6 23. Re1 h5 24. Nf3 g4 25. hxg4 hxg4 26. Ne5 Qh5 27. Kf1 Qh1+ 28. Ke2 Qh5 29. Kf1 Qh1+ 30. Ke2 Qxg2 31. Kd2 f3 32. Bc4+ Kg7 33. Kc2 Qxf2+ 34. Kb3 Rb8 35. Ka2 b5 36. Nxc6 Rb6 37. axb5 Bd7 38. Rc1 Bxc6 39. Rc2 Qg3 40. bxc6 Rxc6 41. Bd5 Rb6 42. Rh1 Qd6 43. Bc4 Qc6 44. Bd3 Rbb8 45. Bxf5 0-1

[Event "Niedersachsen-ch op"]
[Site "Verden"]
[Date "2016.01.04"]
[Round "4"]
[White "Woellermann, Ludger"]
[Black "Essmann, Julian"]
[Result "0-1"]
[WhiteElo "1823"]
[BlackElo "1960"]
[PlyCount "102"]
[EventDate "2016.01.03"]
[EventType "swiss"]
[EventRounds "7"]
[EventCountry "GER"]
[SourceTitle "EXT 2018"]
[Source "ChessBase"]
[SourceDate "2017.10.13"]
[SourceVersion "1"]
[SourceVersionDate "2017.10.13"]
[SourceQuality "1"]

1. c4 e5 2. g3 Nc6 3. Bg2 g6 4. Nc3 Nge7 5. d3 Bg7 6. e3 0-0 7. Nge2 Rb8 8. Rb1 a6 9. Bd2 b5 10. b3 d6 11. 0-0 Bf5 12. e4 Be6 13. Nd5 Qd7 14. Be3 Rb7 15. Qd2 Rfb8 16. f4 bxc4 17. dxc4 Nd8 18. Nxe7+ Qxe7 19. f5 Bxc4 20. Rbc1 Bb5 21. Rf2 Bxe2 22. Qxe2 a5 23. Qf1 f6 24. Qc4+ Nf7 25. fxg6 hxg6 26. Bh3 Kh8 27. Rfc2 c5 28. Bd2 Bh6 29. Bxh6 Nxh6 30. Rd1 Ra7 31. Qd5 Nf7 32. Be6 Ng5 33. Bg4 Rb6 34. h4 Nf7 35. Rf1 Kg7 36. Rcf2 Rb4 37. Rd2 Rd4 38. Rxd4 exd4 39. h5 Qe5 40. Qxe5 Nxe5 41. Bd1 a4 42. hxg6 axb3 43. axb3 Ra1 44. Be2 Ra2 45. Rf2 Rb2 46. Bd1 Rb1 47. Rf1 Nc6 48. Bc2 Rb2 49. Rf2 Na5 50. e5 dxe5 51. Rh2 Rxc2 0-1

[Event "Niedersachsen-ch op"]
[Site "Verden"]
[Date "2016.01.03"]
[Round "2"]
[White "Woellermann, Ludger"]
[Black "Silber, Kevin"]
[Result "1-0"]
[WhiteElo "1823"]
[BlackElo "1836"]
[PlyCount "65"]
[EventDate "2016.01.03"]
[EventType "swiss"]
[EventRounds "7"]
[EventCountry "GER"]
[SourceTitle "EXT 2018"]
[Source "ChessBase"]
[SourceDate "2017.10.13"]
[SourceVersion "1"]
[SourceVersionDate "2017.10.13"]
[SourceQuality "1"]

1. c4 c5 2. g3 g6 3. Bg2 Bg7 4. Nc3 Nc6 5. e4 d6 6. Nge2 e6 7. 0-0 Nge7 8. d3 0-0 9. Rb1 a6 10. a3 Rb8 11. b4 cxb4 12. axb4 b5 13. cxb5 axb5 14. Be3 f5 15. exf5 gxf5 16. f4 Qe8 17. d4 Bb7 18. Nxb5 Nc8 19. Nbc3 e5 20. dxe5 dxe5 21. Bc5 N6e7 22. Bxb7 Rxb7 23. fxe5 Bxe5 24. Qb3+ Kh8 25. Nf4 Ng6 26. Nxg6+ hxg6 27. Nd5 Rff7 28. Rbe1 Na7 29. Nf4 Rf6 30. Nd3 Qb8 31. Nxe5 f4 32. Rxf4 Rxf4 33. Nxg6+ 1-0

[Event "Niedersachsen-ch op-A"]
[Site "Verden"]
[Date "2015.01.05"]
[Round "7"]
[White "Klein, Andreas"]
[Black "Woellermann, Ludger"]
[Result "1-0"]
[WhiteElo "2091"]
[BlackElo "1814"]
[PlyCount "73"]
[EventDate "2015.01.02"]
[EventType "swiss"]
[EventRounds "7"]
[EventCountry "GER"]
[SourceTitle "EXT 2018"]
[Source "ChessBase"]
[SourceDate "2017.10.13"]
[SourceVersion "1"]
[SourceVersionDate "2017.10.13"]
[SourceQuality "1"]

1. e4 c5 2. Nf3 Nc6 3. d4 cxd4 4. Nxd4 g6 5. c4 Bg7 6. Be3 Nf6 7. Nc3 Ng4 8. Qxg4 Nxd4 9. Qd1 Ne6 10. Qd2 Qa5 11. Rc1 b6 12. f3 Bb7 13. Be2 g5 14. 0-0 h5 15. a3 Qe5 16. b4 h4 17. Rfd1 Rd8 18. Nb5 Qb8 19. Nd4 Be5 20. h3 Nf4 21. Bf1 g4 22. hxg4 h3 23. g3 h2+ 24. Kh1 Nh3 25. f4 Bxe4+ 26. Bg2 Bxg2+ 27. Qxg2 Bc7 28. Nf5 e5 29. Re1 Kf8 30. fxe5 Re8 31. Bh6+ Rxh6 32. Nxh6 Ng5 33. Qd5 Rxe5 34. Rxe5 Bxe5 35. Rf1 f6 36. Qg8+ Ke7 37. Nf5# 1-0

[Event "Niedersachsen-ch op-A"]
[Site "Verden"]
[Date "2015.01.04"]
[Round "5"]
[White "Raetzke von Stoyentin, Steffen"]
[Black "Woellermann, Ludger"]
[Result "1-0"]
[WhiteElo "1855"]
[BlackElo "1814"]
[PlyCount "67"]
[EventDate "2015.01.02"]
[EventType "swiss"]
[EventRounds "7"]
[EventCountry "GER"]
[SourceTitle "EXT 2018"]
[Source "ChessBase"]
[SourceDate "2017.10.13"]
[SourceVersion "1"]
[SourceVersionDate "2017.10.13"]
[SourceQuality "1"]

1. d4 Nf6 2. c4 g6 3. Nc3 Bg7 4. e4 d6 5. Nf3 0-0 6. Be2 e5 7. 0-0 Nbd7 8. Re1 c6 9. Bf1 Qc7 10. h3 Nh5 11. dxe5 dxe5 12. b3 Rd8 13. Qc2 Nf8 14. Bg5 f6 15. Be3 Nf4 16. Rad1 Be6 17. Rd2 Rxd2 18. Nxd2 b6 19. c5 b5 20. b4 a5 21. a3 a4 22. Nxb5 cxb5 23. Bxb5 f5 24. c6 fxe4 25. Bxa4 Bf5 26. b5 Qe7 27. b6 Qg5 28. Bxf4 exf4 29. b7 Bxh3 30. Qb3+ Be6 31. Qxe6+ Nxe6 32. bxa8Q+ Bf8 33. Nxe4 Qh4 34. Bb3 1-0

[Event "Niedersachsen-ch op-A"]
[Site "Verden"]
[Date "2015.01.02"]
[Round "1"]
[White "Gerke, Florian"]
[Black "Woellermann, Ludger"]
[Result "1/2-1/2"]
[WhiteElo "1742"]
[BlackElo "1814"]
[PlyCount "37"]
[EventDate "2015.01.02"]
[EventType "swiss"]
[EventRounds "7"]
[EventCountry "GER"]
[SourceTitle "EXT 2018"]
[Source "ChessBase"]
[SourceDate "2017.10.13"]
[SourceVersion "1"]
[SourceVersionDate "2017.10.13"]
[SourceQuality "1"]

1. e4 c5 2. Nf3 Nc6 3. d4 cxd4 4. Nxd4 g6 5. Be3 Bg7 6. Nc3 Nf6 7. Be2 0-0 8. Qd2 d5 9. exd5 Nxd5 10. Nxd5 Qxd5 11. Bf3 Qc4 12. b3 Qa6 13. Be2 Qa5 14. Qxa5 Nxa5 15. Rd1 e5 16. Nb5 Bf5 17. c4 a6 18. Nd6 Nc6 19. Nxb7 1/2-1/2

[Event "Niedersachsen-ch op-A"]
[Site "Verden"]
[Date "2014.01.05"]
[Round "7"]
[White "Woellermann, Ludger"]
[Black "Herrmann, Andreas"]
[Result "0-1"]
[WhiteElo "1813"]
[BlackElo "2157"]
[PlyCount "94"]
[EventDate "2014.01.02"]
[EventType "swiss"]
[EventRounds "7"]
[EventCountry "GER"]
[SourceTitle "EXT 2016"]
[Source "ChessBase"]
[SourceDate "2015.10.08"]
[SourceVersion "1"]
[SourceVersionDate "2015.10.08"]
[SourceQuality "1"]

1. c4 Nf6 2. g3 g6 3. Bg2 Bg7 4. Nc3 0-0 5. e4 e5 6. Nge2 c5 7. 0-0 d6 8. d3 Nc6 9. h3 Ne8 10. f4 Nc7 11. f5 a6 12. Rb1 b5 13. Nd5 Nxd5 14. exd5 Na5 15. fxg6 hxg6 16. b3 f5 17. Bd2 Nb7 18. Kh1 Bd7 19. Ng1 Qc8 20. h4 Nd8 21. Nf3 Nf7 22. Ng5 Ra7 23. h5 gxh5 24. Qxh5 Nxg5 25. Bxg5 Be8 26. Qe2 Bg6 27. Bf3 Bf6 28. Bxf6 Rxf6 29. Kg2 Rg7 30. Rg1 f4 31. g4 Bf5 32. Kf2 Bd7 33. Rg2 Rfg6 34. Rbg1 Qd8 35. Qe1 b4 36. Ke2 a5 37. Kf1 Qg5 38. Qe2 Rh6 39. Rh2 Rxh2 40. Qxh2 Rh7 41. Qg2 Kg7 42. Rh1 Rh4 43. Rxh4 Qxh4 44. Qf2 Qh6 45. Kg1 Qh7 46. Be4 Qh3 47. Bf3 Bxg4 0-1

[Event "Niedersachsen-ch op-A"]
[Site "Verden"]
[Date "2014.01.04"]
[Round "6"]
[White "Balazs, Balint"]
[Black "Woellermann, Ludger"]
[Result "0-1"]
[WhiteElo "1846"]
[BlackElo "1813"]
[PlyCount "154"]
[EventDate "2014.01.02"]
[EventType "swiss"]
[EventRounds "7"]
[EventCountry "GER"]
[SourceTitle "EXT 2016"]
[Source "ChessBase"]
[SourceDate "2015.10.08"]
[SourceVersion "1"]
[SourceVersionDate "2015.10.08"]
[SourceQuality "1"]

1. e4 c5 2. Nf3 Nc6 3. d4 cxd4 4. Nxd4 g6 5. Nc3 Bg7 6. Be3 Nf6 7. Bc4 Qa5 8. 0-0 0-0 9. Bb3 d6 10. h3 Bd7 11. f4 Nxd4 12. Bxd4 Bc6 13. Qe1 Nd7 14. Bxg7 Kxg7 15. f5 Qc5+ 16. Kh1 Ne5 17. Qh4 Rae8 18. Rad1 f6 19. Ne2 g5 20. Qh5 Qe3 21. Nd4 Qxe4 22. Ne6+ Kh8 23. Rf2 Rg8 24. Nc7 Rc8 25. Bxg8 Rxg8 26. Ne6 Bd7 27. Nd4 Be8 28. Qe2 Qh4 29. Nf3 Nxf3 30. Qxf3 g4 31. Qf4 Qh5 32. g3 Bc6+ 33. Kg1 gxh3 34. Re1 Rg4 35. Qe3 h2+ 36. Rxh2 Qxf5 37. Qf2 Qg5 38. Rh3 e5 39. Qh2 Kg8 40. Qf2 f5 41. Kh2 f4 42. Rg1 f3 43. Rd1 Qg6 44. Rd2 e4 45. Qxa7 Qe8 46. Qe3 Rg6 47. Qb3+ Qf7 48. Qb6 Re6 49. Qd8+ Qe8 50. Qg5+ Rg6 51. Qe3 Rf6 52. Kg1 Qe6 53. Rh4 Rg6 54. Kf2 d5 55. Rd1 Qe5 56. Rf4 Qg5 57. Rg1 Qe5 58. Qa3 Rf6 59. Qc5 Qd6 60. Rg4+ Kf7 61. Qd4 Rg6 62. Rh4 Kg8 63. Rh3 Qf6 64. Qc5 d4 65. Qc4+ Kg7 66. Rgh1 e3+ 67. Kf1 h6 68. c3 Qe5 69. a4 e2+ 70. Ke1 Rf6 71. R3h2 Qe3 72. Qxd4 f2+ 73. Rxf2 Qxd4 74. cxd4 Rxf2 75. Rxh6 Rg2 76. Re6 Bf3 77. b4 Rg1+ 0-1

[Event "Niedersachsen-ch op-A"]
[Site "Verden"]
[Date "2014.01.02"]
[Round "1"]
[White "Woellermann, Ludger"]
[Black "Greiving, Felix"]
[Result "1-0"]
[WhiteElo "1813"]
[BlackElo "1740"]
[PlyCount "77"]
[EventDate "2014.01.02"]
[EventType "swiss"]
[EventRounds "7"]
[EventCountry "GER"]
[SourceTitle "EXT 2016"]
[Source "ChessBase"]
[SourceDate "2015.10.08"]
[SourceVersion "1"]
[SourceVersionDate "2015.10.08"]
[SourceQuality "1"]

1. c4 Nf6 2. g3 g6 3. Bg2 Bg7 4. Nc3 c6 5. e4 e5 6. Nge2 0-0 7. 0-0 d6 8. d3 Nbd7 9. h3 a6 10. Kh2 Nc5 11. f4 exf4 12. Nxf4 Ne6 13. Nce2 c5 14. Be3 Nd7 15. Nxe6 fxe6 16. Rxf8+ Qxf8 17. Qd2 Ne5 18. Rf1 Qe8 19. b3 b5 20. cxb5 axb5 21. d4 Nd7 22. dxc5 dxc5 23. Rc1 Qe7 24. Nf4 Bb7 25. Rd1 Nf6 26. Qc2 Nd7 27. Nd3 Rc8 28. Nf2 Nf6 29. Bg5 h6 30. e5 hxg5 31. Bxb7 Qxb7 32. exf6 Bxf6 33. Qxg6+ Qg7 34. Qe4 Qf7 35. Ng4 Bg7 36. Rd2 c4 37. Rf2 Qe7 38. Qg6 Rc7 39. Nf6+ 1-0

[Event "Niedersachsen-ch op-A"]
[Site "Verden"]
[Date "2014.01.02"]
[Round "2"]
[White "Woestmann, Hans Joachim"]
[Black "Woellermann, Ludger"]
[Result "0-1"]
[WhiteElo "2069"]
[BlackElo "1813"]
[PlyCount "100"]
[EventDate "2014.01.02"]
[EventType "swiss"]
[EventRounds "7"]
[EventCountry "GER"]
[SourceTitle "EXT 2016"]
[Source "ChessBase"]
[SourceDate "2015.10.08"]
[SourceVersion "1"]
[SourceVersionDate "2015.10.08"]
[SourceQuality "1"]

1. Nf3 Nf6 2. c4 e6 3. Nc3 Bb4 4. Qc2 0-0 5. a3 Bxc3 6. Qxc3 d6 7. g3 e5 8. Bg2 Nbd7 9. 0-0 Re8 10. b4 c6 11. d3 Nf8 12. Bb2 Ne6 13. e3 Bd7 14. Nd2 Nf8 15. a4 Qc7 16. Rac1 Bf5 17. b5 Rad8 18. Ba1 N6d7 19. d4 f6 20. Nb3 Nb8 21. dxe5 dxe5 22. Rfd1 b6 23. bxc6 Nxc6 24. c5 Ne7 25. c6 Be6 26. Rxd8 Rxd8 27. Qb4 Nd5 28. Qb5 a5 29. Qe2 Rd6 30. f4 Rxc6 31. Rxc6 Qxc6 32. fxe5 Qxa4 33. Qb2 Nxe3 34. Nd2 Nxg2 35. Kxg2 f5 36. Nf3 Qe4 37. Kf2 Bd5 38. Nd2 Qb4 39. Qxb4 axb4 40. Ke3 Ne6 41. Kd3 b5 42. Ke3 g5 43. h4 gxh4 44. gxh4 Kg7 45. Nf1 Kg6 46. Kf2 f4 47. Nd2 Kh5 48. Nf3 Bxf3 49. Kxf3 Kxh4 50. Bb2 Kg5 0-1

[Event "Niedersachsen-ch op-A"]
[Site "Verden"]
[Date "2013.01.04"]
[Round "3"]
[White "Woellermann, Ludger"]
[Black "Zotin, Vladimir"]
[Result "0-1"]
[WhiteElo "1805"]
[BlackElo "1876"]
[PlyCount "117"]
[EventDate "2013.01.03"]
[EventType "swiss"]
[EventRounds "7"]
[EventCountry "GER"]
[SourceTitle "EXT 2014"]
[Source "ChessBase"]
[SourceDate "2013.11.20"]
[SourceVersion "1"]
[SourceVersionDate "2013.11.20"]
[SourceQuality "1"]

1. Nf3 Nf6 2. g3 b6 3. Bg2 Bb7 4. 0-0 c5 5. d3 g6 6. e4 d6 7. Nbd2 Bg7 8. Re1 0-0 9. c3 Qc7 10. Qe2 Nbd7 11. Nf1 c4 12. N3d2 cxd3 13. Qxd3 Rac8 14. Nb3 Ng4 15. Qe2 h5 16. Ne3 Nxe3 17. Bxe3 Nf6 18. Bf4 Ng4 19. Rad1 Ne5 20. Bc1 a6 21. h3 b5 22. Kh2 Nc4 23. Nd4 Nb6 24. f4 e6 25. Nf3 d5 26. e5 Nd7 27. Nd4 Nc5 28. g4 hxg4 29. hxg4 Qe7 30. g5 Ne4 31. Bxe4 dxe4 32. a3 Qc7 33. Be3 Rfd8 34. Kg3 Kf8 35. Rh1 Ke7 36. Rh7 Rg8 37. Nb3 Bd5 38. Bc5+ Ke8 39. Bd6 Qb6 40. Nd4 Bf8 41. Bxf8 Kxf8 42. Qe3 Qc5 43. Rdh1 a5 44. Rh8 b4 45. Rxg8+ Kxg8 46. axb4 axb4 47. Kg4 bxc3 48. Qh3 Kf8 49. Qh8+ Ke7 50. Qf6+ Kd7 51. Rh7 Qxd4 52. Qxf7+ Kc6 53. Qb7+ Kc5 54. Qxc8+ Bc6 55. Rc7 Qd1+ 56. Kg3 Qf3+ 57. Kh2 e3 58. b4+ Kb5 59. Rb7+ 0-1

[Event "Niedersachsen-ch open"]
[Site "Verden"]
[Date "2010.01.05"]
[Round "5.41"]
[White "Vonhoff, Joerg"]
[Black "Woellermann, Ludger"]
[Result "0-1"]
[WhiteElo "1711"]
[BlackElo "1820"]
[PlyCount "56"]
[EventDate "2010.01.03"]
[EventType "swiss"]
[EventRounds "7"]
[EventCountry "GER"]
[SourceTitle "EXT 2012"]
[Source "ChessBase"]
[SourceDate "2011.11.24"]
[SourceVersion "1"]
[SourceVersionDate "2011.11.24"]
[SourceQuality "1"]

1. e4 c5 2. Nf3 Nc6 3. d4 cxd4 4. Nxd4 g6 5. Be3 Bg7 6. Be2 Nf6 7. Nc3 0-0 8. Qd2 d5 9. Nxc6 bxc6 10. exd5 cxd5 11. Bh6 Rb8 12. Bxg7 Kxg7 13. b3 Qa5 14. Ne4 Qxd2+ 15. Nxd2 Bf5 16. c4 Rfd8 17. 0-0-0 a5 18. Kb2 a4 19. f3 axb3 20. axb3 Rd7 21. Ra1 Be6 22. c5 Rc7 23. Rhc1 Nd7 24. Ra5 Ne5 25. Ka3 Nc6 26. Ra4 Bd7 27. b4 Nd4 28. Bd3 Bxa4 0-1

[Event "Niedersachsen-ch open"]
[Site "Verden"]
[Date "2010.01.05"]
[Round "6.34"]
[White "Woellermann, Ludger"]
[Black "Tenninger, Joerg"]
[Result "1-0"]
[WhiteElo "1820"]
[BlackElo "1566"]
[PlyCount "95"]
[EventDate "2010.01.03"]
[EventType "swiss"]
[EventRounds "7"]
[EventCountry "GER"]
[SourceTitle "EXT 2012"]
[Source "ChessBase"]
[SourceDate "2011.11.24"]
[SourceVersion "1"]
[SourceVersionDate "2011.11.24"]
[SourceQuality "1"]

1. Nf3 d5 2. g3 c5 3. Bg2 Nc6 4. 0-0 Nf6 5. d3 e6 6. Nbd2 Be7 7. e4 0-0 8. Re1 d4 9. a4 Qc7 10. Nc4 Nd7 11. e5 a6 12. Bf4 Rb8 13. a5 Nb4 14. h4 Nd5 15. Ng5 Nxf4 16. gxf4 h6 17. Qh5 hxg5 18. hxg5 g6 19. Qh4 Qd8 20. Be4 f5 21. exf6 Nxf6 22. gxf6 Rxf6 23. Kg2 Qf8 24. Rh1 Qg7 25. Rag1 Kf8 26. Qh8+ Qxh8 27. Rxh8+ Kg7 28. Rgh1 Rxf4 29. R1h7+ Kf6 30. Re8 Rg4+ 31. Kf3 e5 32. Rexe7 Rf4+ 33. Ke2 Be6 34. Reg7 Rxe4+ 35. dxe4 Bxc4+ 36. Kd2 b5 37. axb6 Rxb6 38. b3 Be6 39. Rb7 Rd6 40. Rh8 c4 41. Rhb8 d3 42. Rb6 Rd4 43. Re8 c3+ 44. Kxc3 d2 45. Rexe6+ Kg5 46. Rxg6+ Kf4 47. Rbf6+ Kxe4 48. Rg4+ 1-0

[Event "Niedersachsen-ch open"]
[Site "Verden"]
[Date "2010.01.04"]
[Round "3.49"]
[White "Klosa, Kevin"]
[Black "Woellermann, Ludger"]
[Result "0-1"]
[WhiteElo "1416"]
[BlackElo "1820"]
[PlyCount "82"]
[EventDate "2010.01.03"]
[EventType "swiss"]
[EventRounds "7"]
[EventCountry "GER"]
[SourceTitle "EXT 2012"]
[Source "ChessBase"]
[SourceDate "2011.11.24"]
[SourceVersion "1"]
[SourceVersionDate "2011.11.24"]
[SourceQuality "1"]

1. e4 c5 2. Nf3 Nc6 3. d4 cxd4 4. Nxd4 g6 5. Be3 Bg7 6. Nc3 Nf6 7. f3 0-0 8. Qd2 d5 9. Nxc6 bxc6 10. 0-0-0 Qa5 11. e5 Ne8 12. f4 f6 13. exf6 Bxf6 14. Bd4 Bg4 15. Re1 Rb8 16. Bxf6 Nxf6 17. h3 Bd7 18. g4 Qb4 19. b3 e6 20. Be2 c5 21. g5 Ne8 22. Rhf1 Nd6 23. Bg4 Nf5 24. Nb1 Qb6 25. Re5 c4 26. Bxf5 gxf5 27. h4 cxb3 28. axb3 a5 29. Qe3 Qb5 30. Qe2 Qb6 31. Qh5 Rf7 32. Re2 Rg7 33. Rg2 Be8 34. Qf3 a4 35. Rfg1 axb3 36. Qxb3 Qxb3 37. cxb3 Rxb3 38. Rg3 Rc7+ 39. Kd2 Rb2+ 40. Kd3 Rb3+ 41. Kd2 Rb4 0-1

[Event "Niedersachsen-ch open"]
[Site "Verden"]
[Date "2010.01.04"]
[Round "4.12"]
[White "Woellermann, Ludger"]
[Black "Renner, Kai"]
[Result "0-1"]
[WhiteElo "1820"]
[BlackElo "2191"]
[PlyCount "70"]
[EventDate "2010.01.03"]
[EventType "swiss"]
[EventRounds "7"]
[EventCountry "GER"]
[SourceTitle "EXT 2012"]
[Source "ChessBase"]
[SourceDate "2011.11.24"]
[SourceVersion "1"]
[SourceVersionDate "2011.11.24"]
[SourceQuality "1"]

1. Nf3 f5 2. g3 Nf6 3. d3 g6 4. Bg2 Bg7 5. 0-0 d6 6. Nc3 0-0 7. e4 Nc6 8. Bg5 h6 9. Bxf6 Bxf6 10. d4 Bg7 11. exf5 Bxf5 12. Nd5 Be4 13. Ne3 e6 14. c3 Qf6 15. Ne1 Bxg2 16. N1xg2 Qf7 17. f4 Rae8 18. Qd3 Ne7 19. a3 Nf5 20. Rae1 d5 21. Nxf5 exf5 22. Nh4 Re4 23. Nf3 Rfe8 24. Kf2 Qe6 25. Ne5 c6 26. Qd1 Bf6 27. h4 Kg7 28. Qf3 c5 29. Qd1 cxd4 30. cxd4 Qb6 31. Rxe4 dxe4 32. Qa4 Qxb2+ 33. Kg1 Rd8 34. Rd1 e3 35. Qxa7 Bxe5 0-1